| 000 | 01358nam a2200337 a 4500 | ||
|---|---|---|---|
| 001 | 36915 | ||
| 003 | BD-RjUL | ||
| 005 | 20211209052546.0 | ||
| 008 | 140923s1987 coua b 001 0 eng | ||
| 020 | _a081337362X (alk. paper) : | ||
| 035 | _a(BD-RjUL) | ||
| 040 |
_aDLC _cDLC _dDLC _dBD-RjUL _beng |
||
| 041 | _aeng | ||
| 082 | 0 | 0 |
_a633.2 _219 _bINT 1987 |
| 245 | 0 | 0 |
_aIntegrated pest management on rangeland : _ba shortgrass prairie perspective / _cedited by John L. Capinera. |
| 260 |
_aBoulder : _bWestview Press, _c1987. |
||
| 300 |
_axv, 426 p. : _bill. ; _c23 cm. |
||
| 500 | _aPapers originally presented at a symposium held at Colorado State University, Fort Collins, Colo., May 20-21, 1986. | ||
| 504 | _aIncludes bibliographies and index. | ||
| 650 | 0 |
_aGrasses _xDiseases and pests _xIntegrated control _zGreat Plains. _9112701 |
|
| 650 | 0 |
_aGrasses _xDiseases and pests _zGreat Plains. _9112702 |
|
| 650 | 0 |
_aRange plants _xDiseases and pests _xIntegrated control _zGreat Plains. _9112703 |
|
| 650 | 0 |
_aRange plants _xDiseases and pests _zGreat Plains. _9112704 |
|
| 650 | 0 |
_aRange management _zGreat Plains. _9112705 |
|
| 650 | 0 |
_aRange ecology _zGreat Plains. _9112706 |
|
| 700 | 1 |
_aCapinera, John L. _9112707 |
|
| 942 |
_2ddc _cBK |
||
| 999 |
_c36915 _d36915 |
||